| 000 | 00511nam a22001931a 4500 | ||
|---|---|---|---|
| 001 | 7417 | ||
| 003 | OSt | ||
| 005 | 20260204212129.0 | ||
| 008 | 071117s1999||||sp ||||||b||||||||||spa|| | ||
| 020 | _a8471121786 | ||
| 050 | _a305.232 O2n | ||
| 100 | _aOleron, Pierre | ||
| 245 | _aEl niño y la adquisición del lenguaje / Pierre Oleron | ||
| 264 | _aEspaña : Morata | ||
| 300 | _a231 p | ||
| 500 | _aIncluye bibliografía e índice | ||
| 650 | _aNiños - Lenguaje 2.Desarrollo InfantilÌ | ||
| 942 |
_2ddc _cBK |
||
| 999 |
_c7417 _d7417 |
||